000 00557nam a22002295i 4500
001 20063145
005 20180125033345.0
008 171013s2017 flu 000 0 eng
010 _a 2017957882
020 _a9781337554220
040 _aDLC
_beng
_erda
_cDLC
041 _aeng
042 _apcc
080 _a61 mic
100 1 _a3
101 _ashm
245 1 0 _aUnderstanding health insurance /
_cMichelle A. Green.
263 _a1711
906 _a0
_bibc
_corignew
_d2
_eepcn
_f20
_gy-gencatlg
942 _2ddc
_cBK
999 _c40889
_d40889